000
00305nam a22001337a 4500
008
170822b xxu||||| |||| 00| 0 eng d
020
_a
0697214745
041
_a
eng
080
_a
51
100
_a
37
101
_a
MAT
245
_a
COLLEGE ALGEBRA ITS APPLICATIONS
_c
GOLDSTEIN.L.J
942
_2
udc
_c
BK
999
_c
24458
_d
24458